000 00867nam a2200241 a 4500
003 0
005 20250201085000.0
008 130901s19uu xx 00 eng d
050 _aPGS BF 723.S3
_b.L732 2013
100 _aLim, Sooa.
245 _aPhysical appearance and self-confidence /
_cSooa Lim.
260 _aLas Piñas City, Philippines :
_bSouthville International School and Colleges,
_c2013.
300 _a27 p. :
_bill. ;
_c28 cm.
504 _aIncludes bibliographical references.
650 _aSelf-perception in children.
650 _aSelf-confidence in children.
650 _aHair
_vDyeing—Psychological aspects.
650 _aPhysical appearance
_vPsychological aspects.
650 _aAdolescence
_vPsychological aspects.
650 _aStudents
_vPsychology.
650 _aCosmetic alterations
_vPsychological aspects.
942 _2lcc
_cPASS
999 _c99076
_d99076